000 01305nac a22003497a 4500
001 BR0202963
003 BR-BrBNA
005 20240105122659.0
008 230509b bl.|||m| |||| 00| 0 por d
040 _aBR-BrBNA
_bpor
_cBiblioteca Nacional de Agricultura
072 _aF30; F01
090 _a1410 BR0202963
100 1 _aCarneiro, G.E. de S.
100 1 _aSoares, D.M.
100 1 _aPeloso, M.J.D. (coords.)
110 1 _aEMBRAPA Arroz e Feijão, Santo Antônio de Goiás, GO (Brasil)
111 1 _a12. Reunião da Comissão Técnica Regional de Feijão - Região 2 (Sudeste e Centro-Oeste)- Região 3 (Norte e Nordeste)
_cSanto Antônio do Goiás, GO (Brazil)
_d25-26 Feb 1999
245 1 _aReunião da Comissão Técnica Regional de Feijão - Região 2 (Sudeste e Centro-Oeste)- Região 3 (Norte e Nordeste)
260 3 _aSanto Antônio de Goiás, GO (Brasil):
_c2000.
300 _a169 p.
490 _aDocumentos - EMBRAPA Arroz e Feijão (Brazil)
_vno. 103
_xISSN 1516-7518
500 _aNumerical data; 7 maps
650 _aFEIJÃO
650 _aGRÃO
650 _aVARIEDADE
650 _aGENÓTIPO
650 _aLINHAGEM
650 _aCARACTERÍSTICAS AGRONÔMICAS
650 _aRENDIMENTO
909 _a202312
_bLúcia Elande
_c55
_dLúcia Elande
942 _2AGRIS
_n0
_cMS
999 _c292294
_d292294